| 000 | 01160nam a2200313 a 4500 | ||
|---|---|---|---|
| 001 | 000113099 | ||
| 003 | CHAP | ||
| 005 | 20220329144338.0 | ||
| 008 | 170421s2016 mx sm |||||||spa d | ||
| 010 | _a109560 | ||
| 011 | _a110532 | ||
| 040 | _cCHAP | ||
| 090 | _aTesis | ||
| 100 | 1 |
_aVega Niño, Huitzilihuitl _9131970 |
|
| 245 | 1 | 0 |
_aEfecto del aceite esencial de orégano en la productividad y calidad de la canal de guajolote nativo _h[En línea] _cHuitzilihuitl Vega Niño. |
| 260 |
_aChapingo, Méx. : _bEl autor, _c2016. |
||
| 500 | _aPara ver el contenido del material haga clic en la liga | ||
| 502 | _aTesis (Ing. Agr. Esp. en Zo) -- UACH. Departamento de Enseñanza Investigación y Servicio en Zootecnia | ||
| 590 |
_aBATCH-UPD _b05 _c20170421 _lUCH01 _h0918 |
||
| 590 |
_aE5765TAJ _b05 _c20170421 _lUCH01 _h0917 |
||
| 590 |
_aE5765TAJ _b05 _c20170421 _lUCH01 _h0918 |
||
| 650 | 1 | 4 |
_aAceite de oregano en nutrición animal. _9131971 |
| 650 | 1 | 4 |
_aPavos _xAlimentación. _986301 |
| 650 | 1 | 4 |
_aPavos _xPeso. _986309 |
| 856 |
_aFinding aid _uhttp://10.13.5.2/tesis/sist113099.pdf _zTeclea aquí |
||
| 901 | _aBK | ||
| 942 | _cTESIS | ||
| 942 | _n0 | ||
| 999 |
_c109560 _d109560 |
||